| 000 | 02747cam a2200517 a 4500 | ||
|---|---|---|---|
| 001 | 3615021 | ||
| 003 | OSt | ||
| 005 | 20260317114147.0 | ||
| 008 | 730820m19749999miu bd 000 0 eng | ||
| 010 |
_a 73076170 _z 77154505 |
||
| 020 |
_a0802823386 _qset |
||
| 020 |
_a9780802872814 _qv. 16 |
||
| 020 |
_a9780802823441 _qv. 17 |
||
| 035 | _a3615021 | ||
| 040 |
_aDLC _cDLC _dDLC |
||
| 041 | 1 |
_aeng _hger |
|
| 050 | 0 | 0 |
_aBS440 _b.B5713 |
| 082 | 0 | 0 | _a221.3 |
| 100 | 1 | _aBotterweck, G. Johannes. | |
| 240 | 1 | 0 |
_aTheologisches Wörterbuch zum Alten Testament. _lEnglish |
| 245 | 1 | 0 |
_aTheological dictionary of the Old Testament / _cedited by G. Johannes Botterweck and Helmer Ringgren ; translated by John T. Willis. |
| 260 |
_aGrand Rapids, Mich. : _bEerdmans, _c1974-2021. |
||
| 300 |
_a16 v. ; _c25 cm. |
||
| 336 |
_atext _btxt _2rdacontent |
||
| 337 |
_aunmediated _bn _2rdamedia |
||
| 338 |
_avolume _bnc _2rdacarrier |
||
| 500 | _aTranslation of Theologisches Wörterbuch zum Alten Testament. | ||
| 500 | _aVols. 12-<13> edited by G. Johannes Botterweck, Helmer Ringgren and Heinz-Josef Fabry; volume 16 edited by Holger Gzella. | ||
| 500 | _aVols. 4-7, 9, 11, 13, 15 translated by David E. Green; v. 8, 10, 12, 14 translated by Douglas W. Stott; volume 16 translated by Mark E. Biddle. | ||
| 500 | _aIncludes rev. ed. of v. 1-2. | ||
| 504 | _aIncludes bibliographical references. | ||
| 505 | 1 | _aVolume 16. Aramaic dictionary -- v. 17 Index volume / compiled by Ronald E. Pitkin. | |
| 630 | 0 | 0 |
_aBible. _pOld Testament _vDictionaries _xHebrew. |
| 650 | 0 |
_aHebrew language _vDictionaries _xEnglish. |
|
| 650 | 0 |
_aAramaic language _vDictionaries _xEnglish. |
|
| 655 | 7 |
_aDictionaries. _2lcgft _0https://id.loc.gov/authorities/genreForms/gf2014026086 |
|
| 700 | 1 |
_aRinggren, Helmer, _d1917-2012, _ejoint author. |
|
| 700 | 1 |
_aGzella, Holger, _d1974- _eeditor. |
|
| 700 | 1 |
_aBiddle, Mark E., _etranslator. |
|
| 906 |
_a7 _bcbc _corignew _d1 _eopcn _f19 _gy-gencatlg |
||
| 942 |
_2lcc _cREF |
||
| 999 |
_c21522 _d21521 |
||